|
|
|
|
| LEADER |
02412nam a22004695i 4500 |
| 001 |
978-94-024-0948-2 |
| 003 |
DE-He213 |
| 005 |
20170425125824.0 |
| 007 |
cr nn 008mamaa |
| 008 |
170425s2017 ne | s |||| 0|eng d |
| 020 |
|
|
|a 9789402409482
|9 978-94-024-0948-2
|
| 024 |
7 |
|
|a 10.1007/978-94-024-0948-2
|2 doi
|
| 040 |
|
|
|d GrThAP
|
| 050 |
|
4 |
|a QH540-549.5
|
| 072 |
|
7 |
|a PSAF
|2 bicssc
|
| 072 |
|
7 |
|a SCI020000
|2 bisacsh
|
| 082 |
0 |
4 |
|a 577
|2 23
|
| 245 |
1 |
0 |
|a Biological Invasions and Its Management in China
|h [electronic resource] :
|b Volume 1 /
|c edited by Fanghao Wan, Mingxing Jiang, Aibin Zhan.
|
| 264 |
|
1 |
|a Dordrecht :
|b Springer Netherlands :
|b Imprint: Springer,
|c 2017.
|
| 300 |
|
|
|a XIV, 366 p. 64 illus., 46 illus. in color.
|b online resource.
|
| 336 |
|
|
|a text
|b txt
|2 rdacontent
|
| 337 |
|
|
|a computer
|b c
|2 rdamedia
|
| 338 |
|
|
|a online resource
|b cr
|2 rdacarrier
|
| 347 |
|
|
|a text file
|b PDF
|2 rda
|
| 490 |
1 |
|
|a Invading Nature - Springer Series in Invasion Ecology ;
|v 11
|
| 520 |
|
|
|a The book discusses invasive-species problems in agriculture, forests and aquatic ecosystems, highlighting the invasive mechanisms and management of the selected invasive species. Biological invasion has become a serious global ecological and economic problem that deserves particular attention from both government officials and scientists. This volume focuses on three key scientific areas: 1) population establishment and spreading mechanisms of the selected invasive species; 2) ecology adaptation, population growth, expansion and evolution of invasive species; and 3) impact of bio-invasion on the ecosystem structure and function at community and ecosystem levels. The presented research will result in techniques for better management of invasive species. .
|
| 650 |
|
0 |
|a Life sciences.
|
| 650 |
|
0 |
|a Agriculture.
|
| 650 |
|
0 |
|a Ecology.
|
| 650 |
1 |
4 |
|a Life Sciences.
|
| 650 |
2 |
4 |
|a Ecology.
|
| 650 |
2 |
4 |
|a Agriculture.
|
| 700 |
1 |
|
|a Wan, Fanghao.
|e editor.
|
| 700 |
1 |
|
|a Jiang, Mingxing.
|e editor.
|
| 700 |
1 |
|
|a Zhan, Aibin.
|e editor.
|
| 710 |
2 |
|
|a SpringerLink (Online service)
|
| 773 |
0 |
|
|t Springer eBooks
|
| 776 |
0 |
8 |
|i Printed edition:
|z 9789402409468
|
| 830 |
|
0 |
|a Invading Nature - Springer Series in Invasion Ecology ;
|v 11
|
| 856 |
4 |
0 |
|u http://dx.doi.org/10.1007/978-94-024-0948-2
|z Full Text via HEAL-Link
|
| 912 |
|
|
|a ZDB-2-SBL
|
| 950 |
|
|
|a Biomedical and Life Sciences (Springer-11642)
|